000 00436nam a2200145 a 4500
001 000046272
005 20201002052743.0
008 150714s2001 dr a 000 0 spa d
040 _aDO-SdBNP
_bspa
_cBNPHU
082 _axxxxxxxxxx
_bxxxxxxxxxx
100 1 _aRamírez, Belkis
_956887
245 1 0 _aDe mar en peor /
_cBelkis Ramírez.
260 _aEspaña, :
_bSecretaría de Estado de la Mujer,
_c2001.
300 _a16 p. :
_bil., ;
_c28 cm.
999 _c45761
_d45761